Dotek nulačasu. Část druhá, Nula mínus /
Druhá část sci-fi románu, ve které hlavní hrdina, Rievan, nakažený smrtelně nebezpečným virem, odhaluje tajemství v Kirké, největší polovirtuální herně světa.
Uloženo v:
| Série: | Dotek nulačasu,
část 2 |
|---|---|
| Hlavní autor: | |
| Médium: | E-kniha |
| Jazyk: | Czech |
| Vydáno: |
Praha :
Klub Julese Vernea,
2003
|
| Edice: | Poutník (Klub Julese Vernea). Malá knižní řada
|
| Témata: | |
| Příbuzné jednotky: | Z cyklu::
Dotek nulačasu |
| Tagy: |
Žádné tagy |
| LEADER | 02336cam a2200397 a 4500 | ||
|---|---|---|---|
| 001 | 311211 | ||
| 003 | CZ PrSKC | ||
| 005 | 20260601215701.0 | ||
| 007 | tu | ||
| 008 | 031009s2003 xr a g 000 f cze d | ||
| 015 | |a cnb001299976 | ||
| 020 | |a 8085892723 |q (brož.) : |c Kč 209,00 | ||
| 035 | |a (OCoLC)228776974 | ||
| 040 | |a KLG001 |b cze |d ABA001 | ||
| 072 | 7 | |a 821.162.3-3 |x Česká próza |2 Konspekt | |
| 080 | |a 821.162.3-31 |2 MRF | ||
| 080 | |a (0:82-311.9) |2 MRF | ||
| 100 | 1 | |a Šusta, Richard, |d 1956- |7 ntka174671 |4 aut | |
| 245 | 1 | 0 | |a Dotek nulačasu. |n Část druhá, |p Nula mínus / |c Richard Šusta ; [ilustrace Zdeněk Malínský] |
| 246 | 3 | 0 | |a Nula mínus |
| 260 | |a Praha : |b Klub Julese Vernea, |c 2003 | ||
| 300 | |a 416 s. : |b il. ; |c 18 cm | ||
| 490 | 1 | |a Poutník. Malá knižní řada ; |v č. 31 | |
| 520 | 2 | |a Druhá část sci-fi románu, ve které hlavní hrdina, Rievan, nakažený smrtelně nebezpečným virem, odhaluje tajemství v Kirké, největší polovirtuální herně světa. | |
| 520 | 2 | |a Rievan, poznamenaný emkovým virem, se stává zaměstnancem měsíční policie. Musí spolupracovat s tvrdým a nesnášenlivým poručíkem Impaktem a odměřenou kapitánkou Atomkou. Postupně poznává pohnuté osudy Atomky a sbližuje se s ní. Společně se stávají součástí složitých mocenských vojensko politických her, odehrávajících se od Země k Marsu. Rievan je náhle postaven proti své dřívější přítelkyni Akile. V dramatickém ději plném zvratů se blíží dotek nulačasu. A1 rehakovj | |
| 655 | 7 | |a české romány |7 fd133974 |2 czenas | |
| 655 | 7 | |a vědecko-fantastické romány |7 fd133847 |2 czenas | |
| 655 | 9 | |a Czech fiction |2 eczenas | |
| 655 | 9 | |a science fiction novels |2 eczenas | |
| 830 | 0 | |a Poutník (Klub Julese Vernea). |p Malá knižní řada | |
| 900 | |a ABA001 |b 17 | ||
| 044 | |a xr | ||
| 787 | 0 | 8 | |g 2 |i Z cyklu: |t Dotek nulačasu |
| 910 | |a RBIT002 | ||
| 998 | |d 207263 |a https://core.palmknihy.cz/api/books/207263/cover?qd2c19 |b https://core.palmknihy.cz/api/books/207263/cover/400?qd2c19 |c https://core.palmknihy.cz/api/books/207263/cover/50?qd2c19 |e |i 8085892723 |j https://core.palmknihy.cz/api/books/207263/preview.epub |k https://core.palmknihy.cz/api/books/207263/preview.pdf |l |q 49 |r 1 |s https://www.palmknihy.cz/kniha/207263 |t ebook |y 2003 |z 0 |v Dotek nulačasu |w 2 | ||
| 999 | |d 311209 | ||